[Event "Qatar Masters Open 2015"]
[Site "Doha QAT"]
[Date "2015.12.21"]
[Round "2.63"]
[White "Kashlinskaya, Alina"]
[Black "Piasetski, Leon"]
[Result "1-0"]
[WhiteElo "2448"]
[BlackElo "2287"]
[PlyCount "83"]
[EventDate "2015.12.20"]
[EventType "swiss"]
[EventRounds "9"]
[EventCountry "QAT"]
[Source "lmi"]
[SourceDate "2015.12.20"]

1. d4 d6 2. Nf3 Nf6 3. c4 Nbd7 4. Nc3 e5 5. e4 Be7 6. Be2 O-O 7. O-O Re8 8. Re1
exd4 9. Nxd4 Bf8 10. Bf1 c6 11. f3 Ne5 12. f4 Ned7 13. h3 Nc5 14. Qc2 Qb6 15.
Kh2 g6 16. Nb3 Nxb3 17. axb3 Nd7 18. Be3 Nc5 19. Ra3 Qc7 20. b4 Nd7 21. g3 b6
22. Bg2 Bb7 23. Qf2 a6 24. Raa1 Rac8 25. Rad1 Rcd8 26. Rf1 c5 27. b5 Nf6 28. e5
Bxg2 29. Kxg2 Qb7+ 30. Kh2 Nd7 31. exd6 axb5 32. Nd5 bxc4 33. f5 Ne5 34. fxg6
fxg6 35. Nf6+ Kh8 36. Nxe8 Rxe8 37. Bd2 Bg7 38. Bc3 Qd7 39. Rd5 Qe6 40. d7 Nxd7
41. Rxd7 Bxc3 42. Qf8+ 1-0

[Event "Qatar Masters Open 2015"]
[Site "Doha QAT"]
[Date "2015.12.21"]
[Round "2.64"]
[White "Goriatchkin, Jouri"]
[Black "Firat, Burak"]
[Result "1/2-1/2"]
[WhiteElo "2318"]
[BlackElo "2446"]
[PlyCount "139"]
[EventDate "2015.12.20"]
[EventType "swiss"]
[EventRounds "9"]
[EventCountry "QAT"]
[Source "lmi"]
[SourceDate "2015.12.20"]

1. d4 Nf6 2. c4 e6 3. Nf3 b6 4. g3 Ba6 5. b3 Bb4+ 6. Bd2 Be7 7. Bg2 Bb7 8. Nc3
c5 9. d5 exd5 10. Nh4 Ne4 11. Nf5 O-O 12. cxd5 Nxc3 13. Nxe7+ Qxe7 14. Bxc3 d6
15. O-O Nd7 16. e4 b5 17. f4 b4 18. Bb2 Nb6 19. Qg4 f6 20. Rae1 Rae8 21. e5
fxe5 22. fxe5 g6 23. h4 Rxf1+ 24. Rxf1 Bxd5 25. Bxd5+ Nxd5 26. Qf3 Nb6 27. exd6
Qe3+ 28. Qxe3 Rxe3 29. Rd1 Nd7 30. Kf2 Re6 31. Bc1 Kf7 32. Bf4 Ke8 33. Kf3 Kd8
34. Rd5 Kc8 35. h5 Kb7 36. hxg6 hxg6 37. Rd2 Kc6 38. Re2 Rxe2 39. Kxe2 Nf6 40.
Kd3 Ne8 41. Ke4 Nxd6+ 42. Ke5 Nb5 43. Kf6 Nc3 44. Kxg6 Nxa2 45. Kf5 Nc3 46. g4
Nd5 47. Bb8 a5 48. g5 Ne7+ 49. Kf6 Kd7 50. Ba7 c4 51. bxc4 a4 52. Bc5 Nc6 53.
g6 a3 54. Bxb4 Nxb4 55. g7 a2 56. g8=Q a1=Q+ 57. Kg6 Qg1+ 58. Kh7 Qh2+ 59. Kg7
Qg3+ 60. Kh8 Qf3 61. Qg7+ Kc6 62. Qd4 Qh3+ 63. Kg7 Nd3 64. Qd5+ Kc7 65. Qa5+
Kb7 66. Qb5+ Kc7 67. Qa5+ Kd7 68. Qd5+ Kc7 69. Qa5+ Kd7 70. Qd5+ 1/2-1/2

[Event "Qatar Masters Open 2015"]
[Site "Doha QAT"]
[Date "2015.12.21"]
[Round "2.65"]
[White "Vogel, Roven"]
[Black "Pratyusha, Bodda"]
[Result "1/2-1/2"]
[WhiteElo "2439"]
[BlackElo "2260"]
[PlyCount "125"]
[EventDate "2015.12.20"]
[EventType "swiss"]
[EventRounds "9"]
[EventCountry "QAT"]
[Source "lmi"]
[SourceDate "2015.12.20"]

1. c4 c5 2. Nf3 Nc6 3. Nc3 g6 4. g3 Bg7 5. Bg2 e6 6. O-O Nge7 7. d3 O-O 8. Bg5
h6 9. Bd2 d5 10. cxd5 exd5 11. a3 b6 12. Qc1 Kh7 13. Rb1 Be6 14. b4 cxb4 15.
axb4 Rc8 16. b5 d4 17. Ne4 Ne5 18. Qa3 Nxf3+ 19. Bxf3 Nd5 20. Nd6 Rc2 21. Nc4
Nc3 22. Bxc3 Rxc3 23. Qxa7 Bxc4 24. dxc4 Rxc4 25. Be4 Qc7 26. Qa2 Rc5 27. Qb3
Re8 28. Qf3 Qe5 29. Bd3 Re7 30. Ra1 Qf6 31. Qa8 Rd7 32. Ra6 h5 33. Qb8 Rd6 34.
Ra8 Rd7 35. Rfa1 h4 36. R8a6 Rdc7 37. Qxb6 Qxb6 38. Rxb6 h3 39. f4 Rc1+ 40.
Rxc1 Rxc1+ 41. Kf2 Rh1 42. Rc6 Rxh2+ 43. Kg1 Rg2+ 44. Kh1 Rxg3 45. b6 Bh6 46.
b7 Bxf4 47. Rf6 Be5 48. Rxf7+ Kh6 49. Rf8 h2 50. Rh8+ Kg7 51. Rxh2 Rg4 52. Rh3
Rf4 53. Kg2 Rf6 54. Be4 Rb6 55. Ra3 g5 56. Kf3 Rf6+ 57. Kg4 Rf4+ 58. Kxg5 Rxe4
59. Kf5 Rxe2 60. Ra8 d3 61. b8=Q Bxb8 62. Rxb8 d2 63. Rd8 1/2-1/2

[Event "Qatar Masters Open 2015"]
[Site "Doha QAT"]
[Date "2015.12.21"]
[Round "2.66"]
[White "Derakhshani, Dorsa"]
[Black "Wang, Yiye"]
[Result "0-1"]
[WhiteElo "2307"]
[BlackElo "2438"]
[PlyCount "74"]
[EventDate "2015.12.20"]
[EventType "swiss"]
[EventRounds "9"]
[EventCountry "QAT"]
[Source "lmi"]
[SourceDate "2015.12.20"]

1. e4 e6 2. d4 d5 3. Nc3 Nf6 4. e5 Nfd7 5. f4 c5 6. Nf3 Nc6 7. Be3 a6 8. Qd2
cxd4 9. Nxd4 Bc5 10. O-O-O O-O 11. g4 Nxd4 12. Bxd4 b5 13. Qe3 Qc7 14. Bxc5
Nxc5 15. f5 Nd7 16. Re1 Qc5 17. Qg5 h6 18. Qf4 d4 19. Nb1 Bb7 20. Rg1 f6 21.
exf6 e5 22. Qg3 Rac8 23. Na3 Rxf6 24. g5 hxg5 25. Qxg5 Qf8 26. Bh3 b4 27. Nb1
d3 28. c3 e4 29. Qf4 Nb6 30. Rxe4 bxc3 31. bxc3 Nd5 32. Qe5 Nxc3 33. Nxc3 Bxe4
34. Kd2 Bxf5 35. Qd5+ Kh8 36. Rg3 Bh7 37. Bxc8 Rf2+ 0-1

[Event "Qatar Masters Open 2015"]
[Site "Doha QAT"]
[Date "2015.12.22"]
[Round "3.16"]
[White "Matlakov, Maxim"]
[Black "Rambaldi, Francesco"]
[Result "1-0"]
[WhiteElo "2684"]
[BlackElo "2560"]
[PlyCount "127"]
[EventDate "2015.12.20"]
[EventType "swiss"]
[EventRounds "9"]
[EventCountry "QAT"]
[Source "lmi"]
[SourceDate "2015.12.20"]

1. Nf3 c5 2. c4 Nc6 3. d4 cxd4 4. Nxd4 Nf6 5. Nc3 e6 6. g3 Qb6 7. Ndb5 Ne5 8.
Bg2 a6 9. Qa4 Rb8 10. Na3 Bxa3 11. Qxa3 Nxc4 12. Qb3 d5 13. e4 Bd7 14. O-O d4
15. Qxc4 Rc8 16. Na4 Qa5 17. Qxd4 Qxa4 18. Qxa4 Bxa4 19. Be3 O-O 20. b3 Bc6 21.
f3 Rfd8 22. Rfd1 Rxd1+ 23. Rxd1 Nd7 24. Kf2 Kf8 25. Bf1 Ke8 26. a4 Ne5 27. Be2
Rd8 28. Bd4 f6 29. Ke3 Nf7 30. Rc1 Rc8 31. h4 Bd7 32. Rxc8+ Bxc8 33. Bc5 Bd7
34. f4 Bc6 35. Bc4 Bd7 36. Bb4 Nd8 37. Be2 Nc6 38. Bd6 g6 39. g4 e5 40. fxe5
Nxe5 41. g5 Nf7 42. Bf4 fxg5 43. Bxg5 Be6 44. b4 Kd7 45. Kd4 Bh3 46. b5 axb5
47. Bxb5+ Kc7 48. Bc4 Nd8 49. Ke5 Bd7 50. Bb3 Nc6+ 51. Kf6 Nd4 52. Bd1 Ne6 53.
Be3 b6 54. e5 Nc5 55. Bxc5 bxc5 56. e6 Be8 57. Ke7 Bc6 58. Kf7 c4 59. e7 c3 60.
Bc2 h6 61. Kxg6 Be8+ 62. Kg7 Kd6 63. Kf8 Bg6 64. Bxg6 1-0

[Event "Qatar Masters Open 2015"]
[Site "Doha QAT"]
[Date "2015.12.22"]
[Round "3.19"]
[White "Duda, Jan-Krzysztof"]
[Black "Al-Sayed, Mohammed"]
[Result "1-0"]
[WhiteElo "2663"]
[BlackElo "2520"]
[PlyCount "65"]
[EventDate "2015.12.20"]
[EventType "swiss"]
[EventRounds "9"]
[EventCountry "QAT"]
[Source "lmi"]
[SourceDate "2015.12.20"]

1. d4 Nf6 2. c4 g6 3. f3 Bg7 4. e4 d6 5. Ne2 O-O 6. Be3 c5 7. Qd2 Nc6 8. d5 Ne5
9. Nec3 e6 10. Be2 exd5 11. cxd5 Ne8 12. O-O f5 13. a4 Nf6 14. exf5 gxf5 15.
Na3 Nh5 16. Bg5 Qe8 17. f4 Ng4 18. Ncb5 Qg6 19. Nc4 Bd7 20. Nbxd6 Bd4+ 21. Kh1
Nhf6 22. Bxg4 Nxg4 23. Ra3 h6 24. Be7 Rf7 25. Nxf7 Qxf7 26. Bh4 Qxd5 27. Ne5
Nxe5 28. fxe5 Kh7 29. Rg3 Rg8 30. Rxg8 Qxg8 31. Bf2 Qd5 32. Bxd4 cxd4 33. Rf4
1-0

[Event "Qatar Masters Open 2015"]
[Site "Doha QAT"]
[Date "2015.12.22"]
[Round "3.20"]
[White "Fang, Yuxiang"]
[Black "Dubov, Daniil"]
[Result "0-1"]
[WhiteElo "2438"]
[BlackElo "2655"]
[PlyCount "68"]
[EventDate "2015.12.20"]
[EventType "swiss"]
[EventRounds "9"]
[EventCountry "QAT"]
[Source "lmi"]
[SourceDate "2015.12.20"]

1. Nf3 Nf6 2. c4 e6 3. d4 b6 4. a3 c5 5. d5 Ba6 6. b3 exd5 7. cxd5 g6 8. Bb2
Bg7 9. e4 Bxf1 10. Kxf1 O-O 11. e5 Ng4 12. h3 Nh6 13. Nbd2 d6 14. Nc4 Nd7 15.
Qd2 Nf5 16. Nxd6 Nxd6 17. exd6 Bxb2 18. Qxb2 Nf6 19. d7 Nxd7 20. Rd1 Re8 21. h4
Qf6 22. Qd2 Ne5 23. Ng5 Ng4 24. Rh3 h6 25. Nf3 Rad8 26. Rg3 Qf5 27. Kg1 Kh7 28.
b4 Nf6 29. Qa2 Nh5 30. Rh3 Nf4 31. Rh2 Ne2+ 32. Kh1 Nc3 33. Ng5+ Kg8 34. Qa1
Nxd1 0-1

[Event "Qatar Masters Open 2015"]
[Site "Doha QAT"]
[Date "2015.12.22"]
[Round "3.21"]
[White "Akopian, Vladimir"]
[Black "Sundararajan, Kidambi"]
[Result "1-0"]
[WhiteElo "2648"]
[BlackElo "2513"]
[PlyCount "61"]
[EventDate "2015.12.20"]
[EventType "swiss"]
[EventRounds "9"]
[EventCountry "QAT"]
[Source "lmi"]
[SourceDate "2015.12.20"]

1. e4 e6 2. d4 d5 3. Nd2 c5 4. exd5 exd5 5. Ngf3 Nc6 6. Bb5 Bd6 7. dxc5 Bxc5 8.
O-O Nge7 9. Nb3 Bb6 10. Re1 O-O 11. Be3 Bf5 12. Bxb6 Qxb6 13. Bd3 Rad8 14. Bxf5
Nxf5 15. Qd2 d4 16. Ne5 Qc7 17. Nxc6 Qxc6 18. Qd3 g6 19. Re2 Rfe8 20. Rae1 Rxe2
21. Rxe2 h5 22. h3 Re8 23. Nxd4 Nxd4 24. Rxe8+ Qxe8 25. Qxd4 Qe1+ 26. Kh2 Qb1
27. Qc3 Qxa2 28. Qc8+ Kg7 29. Qxb7 Qa4 30. b4 Qxc2 31. Qxa7 1-0

[Event "Qatar Masters Open 2015"]
[Site "Doha QAT"]
[Date "2015.12.22"]
[Round "3.22"]
[White "Abdumalik, Zhansaya"]
[Black "Ganguly, Surya Shekhar"]
[Result "0-1"]
[WhiteElo "2390"]
[BlackElo "2648"]
[PlyCount "90"]
[EventDate "2015.12.20"]
[EventType "swiss"]
[EventRounds "9"]
[EventCountry "QAT"]
[Source "lmi"]
[SourceDate "2015.12.20"]

1. e4 c5 2. Nf3 a6 3. Nc3 b5 4. a3 Bb7 5. d4 cxd4 6. Nxd4 e6 7. Bd3 Qb6 8. Nb3
Qc7 9. Be3 Nf6 10. O-O Be7 11. f4 d6 12. Qf3 Nc6 13. Qh3 Rc8 14. Kh1 O-O 15.
Rae1 Rfd8 16. f5 Qd7 17. Bg5 h6 18. Bxh6 gxh6 19. Qxh6 Ng4 20. Qh3 Nce5 21. Rf4
Bf6 22. Ref1 exf5 23. Rxf5 Kg7 24. Qg3 Rh8 25. h3 Bh4 26. Qf4 f6 27. Kg1 Nh6
28. Nd4 Ng6 29. Qf3 Rcf8 30. Rh5 f5 31. Nxf5+ Nxf5 32. Rxf5 Rxf5 33. Qxf5 Ne5
34. Qf4 Qd8 35. Be2 Rf8 36. Qd2 Qb6+ 37. Kh2 Rf2 38. Kh1 Rxf1+ 39. Bxf1 Qf2 40.
Qxf2 Bxf2 41. a4 bxa4 42. Nxa4 a5 43. Bb5 Bxe4 44. c4 Bc2 45. Nc3 Bd4 0-1

[Event "Qatar Masters Open 2015"]
[Site "Doha QAT"]
[Date "2015.12.22"]
[Round "3.23"]
[White "Sjugirov, Sanan"]
[Black "Tissir, Mohamed"]
[Result "1-0"]
[WhiteElo "2646"]
[BlackElo "2346"]
[PlyCount "111"]
[EventDate "2015.12.20"]
[EventType "swiss"]
[EventRounds "9"]
[EventCountry "QAT"]
[Source "lmi"]
[SourceDate "2015.12.20"]

1. e4 c5 2. Nf3 Nc6 3. d4 cxd4 4. Nxd4 Qb6 5. Nb3 Nf6 6. Nc3 e6 7. Bd3 a6 8.
Qe2 d6 9. g4 Qc7 10. g5 Nd7 11. f4 Be7 12. Be3 b5 13. Qf2 Nb4 14. Bf1 Nxc2+ 15.
Qxc2 b4 16. Bd3 bxc3 17. Qxc3 Qxc3+ 18. bxc3 h6 19. gxh6 Rxh6 20. Kd2 Rh4 21.
Rag1 Bf6 22. Bf2 Rxf4 23. Bg3 Rg4 24. Bxd6 Rxg1 25. Rxg1 Ne5 26. Rb1 Kd7 27.
Bc5 Rb8 28. Ba7 Ra8 29. Be3 Nxd3 30. Kxd3 e5 31. Na5 Ke8 32. c4 Bg4 33. Bb6 Kd7
34. c5 Rh8 35. c6+ Kd6 36. Rb2 Be6 37. Rg2 Rb8 38. Rb2 Rh8 39. Kc3 Bg5 40. c7
Rh3+ 41. Kb4 Kd7 42. Nb3 Bxb3 43. axb3 Be7+ 44. Ka5 Rd3 45. Kxa6 Kc8 46. b4 Bd6
47. Ba5 Ra3 48. h4 f6 49. h5 Bxc7 50. Rc2 Kb8 51. Rxc7 Rxa5+ 52. bxa5 Kxc7 53.
Kb5 Kb7 54. a6+ Ka7 55. Ka5 Kb8 56. Kb6 1-0

[Event "Qatar Masters Open 2015"]
[Site "Doha QAT"]
[Date "2015.12.22"]
[Round "3.24"]
[White "Vidit, Santosh Gujrathi"]
[Black "Xu, Yinglun"]
[Result "1/2-1/2"]
[WhiteElo "2644"]
[BlackElo "2470"]
[PlyCount "69"]
[EventDate "2015.12.20"]
[EventType "swiss"]
[EventRounds "9"]
[EventCountry "QAT"]
[Source "lmi"]
[SourceDate "2015.12.20"]

1. d4 d5 2. c4 e6 3. Nc3 Nf6 4. cxd5 exd5 5. Bg5 c6 6. e3 Bf5 7. Qf3 Bg6 8.
Bxf6 Qxf6 9. Qxf6 gxf6 10. h4 h5 11. Nh3 Nd7 12. Nf4 Bd6 13. O-O-O O-O-O 14. g3
Rde8 15. Bh3 Kd8 16. Rhe1 Nb6 17. Nd3 Kc7 18. Bg2 Bf8 19. Bf3 Kb8 20. Ne2 Be4
21. Bxe4 Rxe4 22. Nc3 Rg4 23. e4 Bh6+ 24. Kc2 Rd8 25. exd5 Nxd5 26. Nxd5 cxd5
27. a3 Rxd4 28. Nb4 Rxd1 29. Kxd1 a5 30. Nd3 Kc7 31. Re7+ Rd7 32. Re8 Rd8 33.
Re7+ Rd7 34. Re8 Rd8 35. Re7+ 1/2-1/2

[Event "Qatar Masters Open 2015"]
[Site "Doha QAT"]
[Date "2015.12.22"]
[Round "3.27"]
[White "Moiseenko, Alexander"]
[Black "Moroni, Luca Jr"]
[Result "1/2-1/2"]
[WhiteElo "2689"]
[BlackElo "2466"]
[PlyCount "94"]
[EventDate "2015.12.20"]
[EventType "swiss"]
[EventRounds "9"]
[EventCountry "QAT"]
[Source "lmi"]
[SourceDate "2015.12.20"]

1. d4 d5 2. c4 e6 3. Nf3 Nf6 4. Nc3 c6 5. Bg5 Nbd7 6. e3 Qa5 7. cxd5 exd5 8.
Bd3 Ne4 9. O-O Nxg5 10. Nxg5 Nf6 11. f4 h6 12. Nf3 Bg4 13. Qb3 Qb6 14. Ne5 Qxb3
15. axb3 Bd7 16. Na4 Rd8 17. h3 h5 18. Kf2 Bd6 19. Nc5 Bxc5 20. dxc5 a6 21. b4
g6 22. Ke2 Kf8 23. Nf3 Kg7 24. Nd4 Rde8 25. Kd2 h4 26. Rf3 Kh6 27. Rg1 Nh5 28.
Ne2 Kg7 29. Rgf1 Bf5 30. Bxf5 gxf5 31. g3 hxg3 32. Nxg3 Nxg3 33. Rxg3+ Kf6 34.
Kc3 Re4 35. Kb3 Rhe8 36. Ka4 a5 37. Kxa5 Ra8+ 38. Kb6 Rxb4+ 39. Kc7 Rxb2 40. h4
Re8 41. h5 Re7+ 42. Kc8 b6 43. h6 bxc5 44. Rh1 Ra2 45. Kb8 Rb2+ 46. Kc8 Ra2 47.
Kb8 Rb2+ 1/2-1/2

[Event "Qatar Masters Open 2015"]
[Site "Doha QAT"]
[Date "2015.12.22"]
[Round "3.28"]
[White "Ly, Moulthun"]
[Black "Fedoseev, Vladimir"]
[Result "0-1"]
[WhiteElo "2462"]
[BlackElo "2664"]
[PlyCount "64"]
[EventDate "2015.12.20"]
[EventType "swiss"]
[EventRounds "9"]
[EventCountry "QAT"]
[Source "lmi"]
[SourceDate "2015.12.20"]

1. e4 g6 2. d4 Bg7 3. Nf3 d6 4. h3 Nd7 5. Bc4 e6 6. O-O Ne7 7. c3 O-O 8. Re1 b6
9. Qe2 Bb7 10. Ba6 Bxa6 11. Qxa6 c5 12. Qe2 Rc8 13. Na3 cxd4 14. cxd4 e5 15.
Nb5 exd4 16. Nxa7 Rc5 17. Bf4 Be5 18. Bh6 Re8 19. b4 d3 20. Qxd3 Bxa1 21. bxc5
Nxc5 22. Qc4 Bf6 23. Ng5 d5 24. Qf1 dxe4 25. Rd1 Qb8 26. Nxf7 Nd3 27. Ng5 Bxg5
28. Bxg5 Qxa7 29. Qe2 h6 30. Qxe4 Nc5 31. Qc4+ Kg7 32. Bf6+ Kxf6 0-1

[Event "Qatar Masters Open 2015"]
[Site "Doha QAT"]
[Date "2015.12.22"]
[Round "3.29"]
[White "Bologan, Viktor"]
[Black "Kashlinskaya, Alina"]
[Result "1-0"]
[WhiteElo "2654"]
[BlackElo "2448"]
[PlyCount "71"]
[EventDate "2015.12.20"]
[EventType "swiss"]
[EventRounds "9"]
[EventCountry "QAT"]
[Source "lmi"]
[SourceDate "2015.12.20"]

1. Nf3 Nf6 2. c4 e6 3. g3 d5 4. b3 Be7 5. Bg2 O-O 6. O-O b6 7. Bb2 Bb7 8. cxd5
Nxd5 9. d4 Nd7 10. Re1 c5 11. e4 N5f6 12. Nc3 cxd4 13. Nxd4 Bc5 14. a3 Bxd4 15.
Qxd4 Nc5 16. Qe3 Nxb3 17. Rad1 Qe7 18. Nb5 Nc5 19. Nd6 Rad8 20. e5 Nd5 21. Qe2
Ba8 22. Qc4 Qd7 23. Rd4 Qc7 24. Red1 Ne7 25. Bxa8 Rxa8 26. Qe2 Rad8 27. Qh5 Ng6
28. h4 Qc6 29. Qe2 Ne7 30. h5 h6 31. Qg4 Nd5 32. Rxd5 Na4 33. Ba1 Nc3 34. Bxc3
Qxc3 35. R5d3 Qxe5 36. Nxf7 1-0

[Event "Qatar Masters Open 2015"]
[Site "Doha QAT"]
[Date "2015.12.22"]
[Round "3.30"]
[White "Ali Marandi, Cemil Can"]
[Black "Khismatullin, Denis"]
[Result "0-1"]
[WhiteElo "2454"]
[BlackElo "2654"]
[PlyCount "88"]
[EventDate "2015.12.20"]
[EventType "swiss"]
[EventRounds "9"]
[EventCountry "QAT"]
[Source "lmi"]
[SourceDate "2015.12.20"]

1. b3 e5 2. Bb2 Nc6 3. e3 g6 4. f4 Bg7 5. Nf3 d6 6. Bc4 Nh6 7. O-O O-O 8. fxe5
Ng4 9. Be2 dxe5 10. e4 Be6 11. Kh1 f5 12. Nc3 Nd4 13. h3 h5 14. Ba3 Rf7 15.
Nxd4 exd4 16. Nd5 d3 17. cxd3 Bxd5 18. exd5 Bd4 19. Rc1 Nf2+ 20. Rxf2 Bxf2 21.
Bb2 Qd6 22. Qf1 Bg3 23. Bd4 Re8 24. Bf3 Kh7 25. Be3 Qf6 26. d6 c6 27. Bxa7 Qxd6
28. d4 Qf4 29. d5 cxd5 30. Bxd5 Qxf1+ 31. Rxf1 Rd7 32. Bf3 Rxd2 33. a4 Rb2 34.
Bd5 Rd8 35. Bc4 Rdd2 36. Be3 Rd7 37. a5 Re7 38. Bc5 Re1 39. Rxe1 Bxe1 40. Bd4
Rb1 41. Kh2 Bxa5 42. Kg3 b5 43. Be6 Re1 44. Bc8 Rd1 0-1

[Event "Qatar Masters Open 2015"]
[Site "Doha QAT"]
[Date "2015.12.22"]
[Round "3.31"]
[White "Khairullin, Ildar"]
[Black "Puranik, Abhimanyu"]
[Result "1/2-1/2"]
[WhiteElo "2647"]
[BlackElo "2442"]
[PlyCount "129"]
[EventDate "2015.12.20"]
[EventType "swiss"]
[EventRounds "9"]
[EventCountry "QAT"]
[Source "lmi"]
[SourceDate "2015.12.20"]

1. e4 e5 2. Nf3 Nc6 3. Bb5 a6 4. Ba4 Nf6 5. O-O b5 6. Bb3 Bc5 7. a4 Rb8 8. Nxe5
Nxe5 9. d4 Bxd4 10. Qxd4 d6 11. Bf4 O-O 12. f3 c5 13. Qd2 c4 14. Ba2 Be6 15.
Nc3 b4 16. Ne2 b3 17. Bb1 bxc2 18. Bxc2 Rxb2 19. Rab1 Rxb1 20. Rxb1 Qc7 21. Rd1
Ne8 22. Be3 Bd7 23. Nc3 Bc6 24. Qd4 f5 25. Nd5 Qf7 26. exf5 Kh8 27. Bf4 Nd3 28.
Qxc4 Nxf4 29. Qxc6 Nxd5 30. Qxd5 Qc7 31. Be4 h6 32. h3 Qb6+ 33. Qd4 Qa5 34. Rc1
Nf6 35. Qxd6 Rd8 36. Qc7 Qd2 37. Rb1 Rd7 38. Qc8+ Kh7 39. Qc2 Qd4+ 40. Kh1 Qe3
41. Qc1 Qd4 42. Qc6 Rd6 43. Qc7 Nxe4 44. fxe4 Qxe4 45. Qxd6 Qxb1+ 46. Kh2 Qxf5
47. Qxa6 Qf4+ 48. Kg1 Qe3+ 49. Kf1 Qf4+ 50. Ke1 Qe4+ 51. Kd1 Qd5+ 52. Kc1 Qg5+
53. Kb1 Qf5+ 54. Kb2 Qf2+ 55. Kb3 Qg3+ 56. Kb4 Qe1+ 57. Kc5 Qe5+ 58. Kc6 Qe6+
59. Kb5 Qe2+ 60. Kb6 Qe6+ 61. Ka5 Qe1+ 62. Kb6 Qe6+ 63. Ka7 Qd7+ 64. Kb8 Qd8+
65. Kb7 1/2-1/2

[Event "Qatar Masters Open 2015"]
[Site "Doha QAT"]
[Date "2015.12.22"]
[Round "3.32"]
[White "Wang, Yiye"]
[Black "Shankland, Samuel L"]
[Result "1-0"]
[WhiteElo "2438"]
[BlackElo "2646"]
[PlyCount "56"]
[EventDate "2015.12.20"]
[EventType "swiss"]
[EventRounds "9"]
[EventCountry "QAT"]
[Source "lmi"]
[SourceDate "2015.12.20"]

1. e4 e5 2. Nf3 Nc6 3. Nc3 Nf6 4. Bb5 Bc5 5. O-O O-O 6. Nxe5 Nxe5 7. d4 Bd6 8.
f4 Neg4 9. h3 Bb4 10. hxg4 Bxc3 11. bxc3 Nxe4 12. Bd3 d5 13. Bxe4 dxe4 14. f5
Re8 15. Be3 b6 16. f6 Qd6 17. Qe1 Bxg4 18. Qh4 h5 19. Rf4 Rad8 20. Raf1 Re6 21.
fxg7 Rg6 22. Rf6 Rxf6 23. Rxf6 Qd5 24. c4 Qa5 25. Rh6 Rd6 26. Rxd6 cxd6 27. Bh6
b5 28. Qe7 Kh7 1-0

[Event "Qatar Masters Open 2015"]
[Site "Doha QAT"]
[Date "2015.12.22"]
[Round "3.33"]
[White "Padmini, Rout"]
[Black "Nguyen, Ngoc Truong Son"]
[Result "0-1"]
[WhiteElo "2437"]
[BlackElo "2642"]
[PlyCount "82"]
[EventDate "2015.12.20"]
[EventType "swiss"]
[EventRounds "9"]
[EventCountry "QAT"]
[Source "lmi"]
[SourceDate "2015.12.20"]

1. e4 e5 2. Nf3 Nc6 3. Bc4 Bc5 4. O-O Nf6 5. d3 d6 6. c3 O-O 7. h3 Bb6 8. Re1
Ne7 9. Nbd2 Ng6 10. Nf1 Be6 11. Be3 Qd7 12. Bxe6 fxe6 13. Bxb6 axb6 14. g3 h6
15. a3 Rf7 16. Rc1 Qb5 17. Rc2 Raf8 18. N3h2 Qa4 19. Ne3 Ne7 20. Rd2 Qxd1 21.
Rexd1 b5 22. Kg2 Nd7 23. d4 Nc6 24. f3 Nb6 25. dxe5 Nxe5 26. f4 Nec4 27. Nxc4
Nxc4 28. Re2 Kh7 29. h4 g6 30. Ng4 h5 31. Nf2 e5 32. Nh3 exf4 33. gxf4 Rxf4 34.
Nxf4 Rxf4 35. Rf1 Rg4+ 36. Kh3 Ne5 37. Rf8 Nd3 38. e5 dxe5 39. Re3 e4 40. Rf7+
Kh6 41. Rxc7 Nf4+ 0-1

[Event "Qatar Masters Open 2015"]
[Site "Doha QAT"]
[Date "2015.12.22"]
[Round "3.34"]
[White "Abdusattorov, Nodirbek"]
[Black "Grandelius, Nils"]
[Result "0-1"]
[WhiteElo "2429"]
[BlackElo "2632"]
[PlyCount "98"]
[EventDate "2015.12.20"]
[EventType "swiss"]
[EventRounds "9"]
[EventCountry "QAT"]
[Source "lmi"]
[SourceDate "2015.12.20"]

1. e4 e5 2. Nf3 Nc6 3. Bb5 a6 4. Ba4 Nf6 5. O-O Be7 6. d3 b5 7. Bb3 d6 8. a3
Na5 9. Ba2 c5 10. Nc3 Be6 11. Bg5 c4 12. Bxf6 Bxf6 13. dxc4 Nxc4 14. Bxc4 Bxc4
15. Re1 Rc8 16. Nd2 Be6 17. Nf1 Bg5 18. Ne3 Bxe3 19. Rxe3 Rc6 20. Qd2 O-O 21.
Rg3 Qe7 22. Rd1 Rd8 23. f4 exf4 24. Qxf4 Kf8 25. Rgd3 Rd7 26. R1d2 h6 27. Nd1
Qg5 28. Qxg5 hxg5 29. Ne3 Ke7 30. Kf2 Rc5 31. c3 Re5 32. Rd4 g6 33. g3 Rd8 34.
Nc2 Bc8 35. Ne1 Re6 36. c4 Bb7 37. cxb5 axb5 38. Re2 Rh8 39. Ke3 f5 40. Nf3 Rh5
41. Nd2 d5 42. Nb3 Rxe4+ 43. Rxe4+ dxe4 44. Nd4 f4+ 45. Kd2 Rh8 46. h4 Rd8 47.
Kc3 f3 48. Rh2 e3 49. Nc2 Be4 0-1

[Event "Qatar Masters Open 2015"]
[Site "Doha QAT"]
[Date "2015.12.22"]
[Round "3.35"]
[White "Naroditsky, Daniel"]
[Black "Seyb, Alexander"]
[Result "1-0"]
[WhiteElo "2628"]
[BlackElo "2425"]
[PlyCount "63"]
[EventDate "2015.12.20"]
[EventType "swiss"]
[EventRounds "9"]
[EventCountry "QAT"]
[Source "lmi"]
[SourceDate "2015.12.20"]

1. d4 Nf6 2. c4 g6 3. f3 d5 4. cxd5 Nxd5 5. e4 Nb6 6. Be3 Bg7 7. Nc3 O-O 8. Qd2
e5 9. d5 c6 10. h4 cxd5 11. exd5 N8d7 12. h5 Nf6 13. hxg6 fxg6 14. O-O-O Bd7
15. d6 Rc8 16. Kb1 e4 17. Ka1 Re8 18. Nh3 exf3 19. gxf3 Re5 20. Nf4 Bf5 21. Bd4
Qxd6 22. Bxe5 Qxe5 23. Bd3 Nc4 24. Bxc4+ Rxc4 25. Rhe1 Qxf4 26. Qd8+ Bf8 27.
Qxf6 Rc6 28. Qd8 Be6 29. Ne4 Ra6 30. Nf6+ Kg7 31. Rxe6 Rxe6 32. Rd7+ 1-0

[Event "Qatar Masters Open 2015"]
[Site "Doha QAT"]
[Date "2015.12.22"]
[Round "3.36"]
[White "Vignesh, N R."]
[Black "Bartel, Mateusz"]
[Result "1-0"]
[WhiteElo "2422"]
[BlackElo "2620"]
[PlyCount "107"]
[EventDate "2015.12.20"]
[EventType "swiss"]
[EventRounds "9"]
[EventCountry "QAT"]
[Source "lmi"]
[SourceDate "2015.12.20"]

1. Nf3 Nf6 2. g3 d5 3. Bg2 c6 4. O-O g6 5. b3 Bg7 6. Bb2 O-O 7. c4 Bg4 8. d4
Qb6 9. Ne5 Be6 10. cxd5 Bxd5 11. Nc3 Bxg2 12. Kxg2 Nbd7 13. Nf3 Rfd8 14. Qc2
Rac8 15. Rac1 c5 16. Na4 Qc6 17. Qb1 b6 18. Rfd1 Qb7 19. dxc5 b5 20. Bxf6 Bxf6
21. Nb2 a5 22. b4 axb4 23. Nd3 Nb8 24. Qxb4 Nc6 25. Qe4 Qa8 26. Rb1 Rb8 27. Nf4
Rxd1 28. Rxd1 Qa4 29. Qxa4 bxa4 30. Nd3 Kf8 31. Nd2 Ke8 32. Nc4 Rb5 33. Nb6 Bd4
34. Rc1 a3 35. e3 Bb2 36. Rc4 Kd8 37. Ra4 Ra5 38. Kf3 Kc7 39. Ke2 Rxa4 40. Nxa4
Bf6 41. Nb6 Na5 42. Nd5+ Kc6 43. Nxf6 exf6 44. Kd2 Kb5 45. Kc3 f5 46. Kd4 Nb3+
47. Kd5 Nd2 48. c6 Kb6 49. Kd6 Ne4+ 50. Kd7 Nf6+ 51. Ke7 Ne4 52. f3 Nc3 53. Kd7
Nd5 54. Ne5 1-0

[Event "Qatar Masters Open 2015"]
[Site "Doha QAT"]
[Date "2015.12.22"]
[Round "3.37"]
[White "Ipatov, Alexander"]
[Black "Mohammad, Nubairshah Shaikh"]
[Result "1-0"]
[WhiteElo "2619"]
[BlackElo "2414"]
[PlyCount "51"]
[EventDate "2015.12.20"]
[EventType "swiss"]
[EventRounds "9"]
[EventCountry "QAT"]
[Source "lmi"]
[SourceDate "2015.12.20"]

1. d4 d5 2. c4 c6 3. Nf3 Nf6 4. g3 Bf5 5. Nc3 e6 6. Nh4 dxc4 7. Nxf5 exf5 8. e3
h5 9. Bxc4 h4 10. Qb3 Qc7 11. Bd2 b5 12. Bd3 hxg3 13. fxg3 g6 14. Rc1 a6 15. e4
b4 16. Nd5 Nxd5 17. exd5 Bd6 18. dxc6 Bxg3+ 19. Kd1 a5 20. Qd5 Bd6 21. h4 Ra6
22. Bxa6 Nxa6 23. h5 gxh5 24. Qxf5 h4 25. Re1+ Kf8 26. Qf6 1-0